000 00509nam a2200181Ia 4500
005 20250326142933.0
008 250326s9999 xx 000 0 und d
037 _aTextbook
040 _aFMSL
_beng
_cFMSL
041 _aeng
_2eng
084 _aB28 L86
_qFMSL
100 _aChoi S C
_9746937
245 0 _aIntroductory applied statistics in science
_cChoi S C
260 _aNew Jersey
_bNew Jersey, Prentice-Hall
_c1978
300 _a288p
942 _cTB
_hB28 L86
999 _c1297354
_d1297354